Movies Quiz

Random Movies or Disney Quiz

Over/Under: Disney Quiz Stats

 Plays Quiz Updated Nov 15, 2011

Challenge
Share
Tweet
Embed
Score 0/24 Timer 03:00
0 Plays Today
Question and Number Actual is Over or Under % Correct
Hour at which Cinderella's magic fades: 10???
85.8%
Male lions appearing in 'The Lion King': 2???
85%
Genie's provisos on wishing: 1???
85%
Titular Dalmatians: 100???
81.1%
Lady and the Tramp's puppies: 2???
79.7%
Bearded dwarfs: 2???
78.9%
Years since last guest in Beast's castle: 5???
78.1%
Acres in Winnie-the-Pooh's woods: 50???
77.4%
Daughters of Triton: 12???
75.4%
Caballeros in Donald's posse: 5???
73.1%
Ali Baba's thieves: 20???
72.5%
Muses in 'Hercules': 8???
70.8%
Question and Number Actual is Over or Under % Correct
Dollars Lilo pays for Stitch: 18???
69.1%
King Arthur's age: 42???
68.8%
Lies told by Pinocchio: 14???
67.2%
Films personally worked on by Walt Disney: 6???
63.3%
Eggs Gaston eats every morning: 8???
62.1%
Thingamabobs in Ariel's possession: 30???
61.9%
Year John Smith set off for Virginia: 1520???
60.1%
Members of the 'Lost Boys': 8???
55.3%
Dancing mushrooms in Fantasia: 15???
54.3%
Number displayed on Mad Hatter's hat: 23/9???
53.8%
Words spoken by Dumbo: 1???
52.8%
Original songs in 'The Lion King': 7???
49.8%

You're not logged in!

Compare scores with friends on all Sporcle quizzes.
Join for Free
OR
Log In

You Might Also Like...

Show Comments

Extras

Top Quizzes Today


Score Distribution

Your Account Isn't Verified!

In order to create a playlist on Sporcle, you need to verify the email address you used during registration. Go to your Sporcle Settings to finish the process.

Report this User

Report this user for behavior that violates our Community Guidelines.

Details: